[Event "ESP-ch U12 rapid"]
[Site "Salobrena"]
[Date "2024.07.14"]
[Round "6"]
[White "Goni Sierro, Jon"]
[Black "Quiroga Andres, Carlos"]
[Result "1/2-1/2"]
[WhiteElo "1870"]
[BlackElo "1649"]
[PlyCount "79"]
[EventDate "2024.07.13"]
[EventType "swiss (rapid)"]
[EventRounds "9"]
[EventCountry "ESP"]
[SourceTitle "EXT 2025"]
[Source "ChessBase"]
[SourceDate "2024.10.14"]
[SourceVersion "1"]
[SourceVersionDate "2024.10.14"]
[SourceQuality "1"]

1. e4 c5 2. Nf3 d6 3. d4 cxd4 4. Nxd4 Nf6 5. Nc3 a6 6. Be2 e6 7. 0-0 Be7 8. a4 0-0 9. Be3 b6 10. f4 Qc7 11. Bf3 Bb7 12. g4 Nc6 13. Nb3 Rfd8 14. g5 Nd7 15. Qe1 Nc5 16. Nxc5 dxc5 17. Rd1 Nd4 18. Qf2 Nxf3+ 19. Qxf3 Rxd1 20. Rxd1 Rd8 21. h3 Rd7 22. Qe2 Qd8 23. Rxd7 Qxd7 24. Qd3 Qxd3 25. cxd3 Bc6 26. d4 cxd4 27. Bxd4 b5 28. axb5 axb5 29. e5 Kf8 30. Kf2 Ke8 31. Ke3 Kd7 32. Ne4 Bxe4 33. Kxe4 Kc6 34. b3 b4 35. Bb2 Kc5 36. Bd4+ Kc6 37. Bb2 Kc5 38. h4 g6 39. Bd4+ Kc6 40. Bf2 1/2-1/2

[Event "ESP-ch U12"]
[Site "Salobrena"]
[Date "2024.07.13"]
[Round "9"]
[White "Quiroga Andres, Carlos"]
[Black "Brito Baranda, Irene"]
[Result "0-1"]
[WhiteElo "1769"]
[BlackElo "1613"]
[PlyCount "106"]
[EventDate "2024.07.08"]
[EventType "swiss"]
[EventRounds "9"]
[EventCountry "ESP"]
[SourceTitle "EXT 2025"]
[Source "ChessBase"]
[SourceDate "2024.10.14"]
[SourceVersion "1"]
[SourceVersionDate "2024.10.14"]
[SourceQuality "1"]

1. d4 d5 2. c4 e6 3. Nc3 a6 4. cxd5 exd5 5. Nf3 Be6 6. Bf4 Nf6 7. h3 Nbd7 8. e3 c5 9. a4 Be7 10. Bd3 c4 11. Bc2 0-0 12. 0-0 Rc8 13. e4 dxe4 14. Ng5 Bf5 15. Ngxe4 Bg6 16. Nd6 Bxd6 17. Bxd6 Re8 18. Bxg6 hxg6 19. Qd2 Nb6 20. Bc5 Rxc5 21. a5 Na8 22. Rad1 Rxa5 23. d5 Re5 24. d6 Nd5 25. f4 Nxc3 26. bxc3 Red5 27. Qxd5 Rxd5 28. Rxd5 b5 29. d7 Nb6 30. Rd6 Nxd7 31. Rfd1 Qa5 32. Rxd7 Qxc3 33. Kh2 Qe3 34. Rd8+ Kh7 35. Rf1 b4 36. Rf3 Qe4 37. Rf8 f6 38. h4 c3 39. h5 gxh5 40. Rg3 Qxf4 41. Rf7 Qh6 42. Rc7 a5 43. Rc5 a4 44. Rc4 a3 45. Rxb4 c2 46. Rc4 c1Q 47. Rxc1 Qxc1 48. Rxa3 Qxa3 49. g4 hxg4 50. Kh1 f5 51. Kg1 f4 52. Kh1 Qb2 53. Kg1 g3 0-1

[Event "ESP-ch U12"]
[Site "Salobrena"]
[Date "2024.07.12"]
[Round "8"]
[White "Vazquez Fernandez, Brais"]
[Black "Quiroga Andres, Carlos"]
[Result "1-0"]
[WhiteElo "1633"]
[BlackElo "1769"]
[PlyCount "109"]
[EventDate "2024.07.08"]
[EventType "swiss"]
[EventRounds "9"]
[EventCountry "ESP"]
[SourceTitle "EXT 2025"]
[Source "ChessBase"]
[SourceDate "2024.10.14"]
[SourceVersion "1"]
[SourceVersionDate "2024.10.14"]
[SourceQuality "1"]

1. d4 f5 2. f4 Nf6 3. Nf3 e6 4. e3 Be7 5. Bd3 0-0 6. 0-0 d6 7. c4 h6 8. Bd2 Qe8 9. Nc3 Nbd7 10. Be1 b6 11. Nb5 Bd8 12. Bh4 Bb7 13. Bxf6 Nxf6 14. Nc3 Qh5 15. h3 Qg6 16. Qb3 Nh5 17. c5 Ng3 18. Rf2 Bxf3 19. Rxf3 d5 20. cxb6 cxb6 21. Nxd5 Rc8 22. Nc3 Rf7 23. Bc4 Re7 24. Bxe6+ Qxe6 25. Qxe6+ Rxe6 26. Rxg3 Bh4 27. Rf3 Rce8 28. Nd5 Rc6 29. Nc3 Rce6 30. g3 Bf6 31. Kf2 g5 32. fxg5 Bxg5 33. Re1 Bf6 34. Nd5 Rc6 35. Nxf6+ Rxf6 36. Rc1 Re7 37. Ke2 Rd6 38. Kd3 Rde6 39. Rc3 Rg6 40. a4 Reg7 41. Rc8+ Kh7 42. Rxf5 Rxg3 43. Rff8 Rxh3 44. Rh8+ Kg6 45. Rhg8 Rxg8 46. Rxg8+ Kh7 47. Ra8 Rg3 48. Rxa7+ Kh8 49. a5 bxa5 50. Rxa5 Rg6 51. b4 Rb6 52. Kc4 Kg7 53. b5 h5 54. Ra6 Rb8 55. b6 1-0

[Event "ESP-ch U12"]
[Site "Salobrena"]
[Date "2024.07.10"]
[Round "4"]
[White "Goni Sierro, Jon"]
[Black "Quiroga Andres, Carlos"]
[Result "1-0"]
[WhiteElo "1915"]
[BlackElo "1769"]
[PlyCount "85"]
[EventDate "2024.07.08"]
[EventType "swiss"]
[EventRounds "9"]
[EventCountry "ESP"]
[SourceTitle "EXT 2025"]
[Source "ChessBase"]
[SourceDate "2024.10.14"]
[SourceVersion "1"]
[SourceVersionDate "2024.10.14"]
[SourceQuality "1"]

1. e4 e6 2. d4 d5 3. Nc3 Bb4 4. Nge2 Nf6 5. e5 Nfd7 6. a3 Be7 7. Be3 c5 8. f4 b6 9. g3 Qc7 10. Bg2 Nc6 11. Qd2 0-0 12. 0-0 cxd4 13. Nxd4 Nxd4 14. Bxd4 Bc5 15. Kh1 Bxd4 16. Nb5 Qc5 17. Nxd4 Ba6 18. Rfe1 Rfe8 19. Rad1 Rad8 20. f5 exf5 21. Nxf5 Nxe5 22. Rxe5 Rxe5 23. Qg5 Rxf5 24. Qxd8+ Qf8 25. Rxd5 Rxd5 26. Qxd5 Qe8 27. h3 g6 28. Kh2 Qe7 29. b4 b5 30. Qc6 Qe6 31. Qa8+ Kg7 32. Qxa7 Bc8 33. Qd4+ Kg8 34. Qc5 Bd7 35. Qd5 Qe7 36. c4 bxc4 37. Qxc4 Qe3 38. b5 Qxa3 39. b6 Qb2 40. b7 Kg7 41. Qc7 Qd2 42. b8Q Bxh3 43. Qe5+ 1-0